Southville International School and Colleges
Your cart is empty.
  • Cart
  • Lists
    Public lists Eva Luna New books Lux_list list_1
    Your lists Log in to create your own lists
  • Log in to your account
  • Your cookies
  • Search history
Southville International School and Colleges
  • Advanced search
  • Recent comments
  • Most popular
  • Libraries

Log in to your account

Log in with GOOGLE


If you do not have an external account, but do have a local account, you can still log in:

  1. Home
  2. MARC view: Bates' guide to physical examination and history taking /
Normal view MARC view ISBD view

Bates' guide to physical examination and history taking / (Record no. 366873)

[ view plain ]
MARC details
000 -LEADER
fixed length control field 01963nam a22002417a 4500
003 - CONTROL NUMBER IDENTIFIER
control field 0
005 - DATE AND TIME OF LATEST TRANSACTION
control field 20250103151925.0
008 - FIXED-LENGTH DATA ELEMENTS--GENERAL INFORMATION
fixed length control field 250103b xxu||||| |||| 00| 0 eng d
020 ## - INTERNATIONAL STANDARD BOOK NUMBER
International Standard Book Number 9781975210540
050 ## - LIBRARY OF CONGRESS CALL NUMBER
Classification number RC 76
Item number .B38 2024
245 ## - TITLE STATEMENT
Title Bates' guide to physical examination and history taking /
Statement of responsibility, etc Lynn S. Bickley, Peter G. Szilagyi, Richard M. Hoffman, Rainier P. Soriano (Editor).
250 ## - EDITION STATEMENT
Edition statement 13th ed.
260 ## - PUBLICATION, DISTRIBUTION, ETC. (IMPRINT)
Place of publication, distribution, etc Philadelphia, PA :
Name of publisher, distributor, etc Wolters Kluwer,
Date of publication, distribution, etc 2024.
300 ## - PHYSICAL DESCRIPTION
Extent xxxviii, 1201 p. :
Other physical details col. ill. ;
Dimensions 29 cm.
500 ## - GENERAL NOTE
General note International edition.
504 ## - BIBLIOGRAPHY, ETC. NOTE
Bibliography, etc Includes bibliographical references and index.
520 ## - SUMMARY, ETC.
Summary, etc For more than 40 years, Bates' Guide to Physical Examination and History Taking has been the singular authoritative source for students of medicine, nursing, and rehabilitation and others who are learning the skills of an effective, safe, and efficient patient clinical encounter. It also has been the preferred textbook of clinical skills program directors and educators in the United States.1 Since its inception by Drs. Barbara Bates and Robert Hoekelman in 1974, topics relating to the physical examination and the clinical interview have served as the core content of the textbook for teaching and learning clinical skills. The thirteenth edition marks a significant expansion of the scope of the textbook to include the remaining critical components and features of the clinical encounter and now comprises 27 chapters. As authors, we remain committed to providing you with the critical concepts and frameworks you will need to understand and retain material as you encounter abundant new evidence supporting the techniques of examination, interviewing, health promotion, and disease prevention"-- Provided by publisher
650 ## - SUBJECT ADDED ENTRY--TOPICAL TERM
Topical term or geographic name as entry element Periodic health examination.
650 ## - SUBJECT ADDED ENTRY--TOPICAL TERM
Topical term or geographic name as entry element Medical history taking.
650 ## - SUBJECT ADDED ENTRY--TOPICAL TERM
Topical term or geographic name as entry element Physical Examination methods.
650 ## - SUBJECT ADDED ENTRY--TOPICAL TERM
Topical term or geographic name as entry element Medical History Taking methods.
942 ## - ADDED ENTRY ELEMENTS (KOHA)
Source of classification or shelving scheme Library of Congress Classification
Koha item type Books
Holdings
Withdrawn status Lost status Source of classification or shelving scheme Damaged status Home library Current library Shelving location Date acquired Source of acquisition Sub Shelving location Total Checkouts Full call number Barcode Date last seen Date checked out Price effective from Koha item type
    Library of Congress Classification   College Library College Library Reserve Section 01/03/2025 Library Fund   1 RC 76 .B38 2024 C24050 06/30/2025 02/07/2025 01/03/2025 Books

Bates' guide to physical examination and history taking /

APA

(2024). Bates' guide to physical examination and history taking. Philadelphia, PA: Wolters Kluwer.

Chicago

2024. Bates' guide to physical examination and history taking. Philadelphia, PA: Wolters Kluwer.

Harvard

(2024). Bates' guide to physical examination and history taking. Philadelphia, PA: Wolters Kluwer.

MLA

Bates' guide to physical examination and history taking. Philadelphia, PA: Wolters Kluwer. 2024.

  • Place hold
  • Print
  • Cite
  • Add to your cart (remove)
  • Save record
    BIBTEX Dublin Core MARCXML MARC (non-Unicode/MARC-8) MARC (Unicode/UTF-8) MARC (Unicode/UTF-8, Standard) MODS (XML) RIS
  • More searches
    Search for this title in:
    Other Libraries (WorldCat) Other Databases (Google Scholar) Online Stores (Bookfinder.com) Open Library (openlibrary.org)

Exporting to Dublin Core...

SOUTHVILLE LIBRARY

Southville International School and Colleges Library

1281 Tropical Ave. Cor. Luxembourg St., BF Homes International, Las Pinas City

Tel. No. 8256374 / 252358 Loc. 117/146

Powered by Koha